| 000 | 00526nam a2200193Ia 4500 | ||
|---|---|---|---|
| 003 | GCL | ||
| 008 | 140319s9999 xx 000 0 eng d | ||
| 040 |
_aGCL / _cGCL |
||
| 082 | 0 | 4 |
_a892.76 _bT T |
| 100 | 1 | _aEL-ZAYYAT, MONA | |
| 245 | 1 | 0 |
_aTHE SUFFERERS: STORIES AND POLEMICS / _cEL-ZAYYAT, MONA |
| 700 | 1 | _aHUSSEIN, TAHA | |
| 260 |
_a[S.N] : _bTHE AMERICAN UNIVERSITY IN CAIRO PRESS ، _c1993 |
||
| 300 | _a154 PP | ||
| 650 | 0 | 4 | _aLITERATURE |
| 650 | 0 | 4 | _aARABIC LITERATURE |
| 650 | 0 | 4 | _aTAHA HUSSEIN |
| 942 |
_2ddc _cBK |
||
| 999 |
_c20567 _d20567 |
||